000 00381nam a2200133Ia 4500
008 220217s9999||||xx |||||||||||||| ||und||
020 _a81-8404-370-8
082 _a005.13 SEG
100 _aSegaran, Toby
_95547
245 0 _aProgramming collective intelligence
260 _aShroff publishers and dist.Pvt.
_bMumbai
_c2007
300 _b375
650 _aPROGRAMMING LANGUAGE
999 _c176557
_d176557